La France littéraire ou Dictionnaire bibliographique des savants, historiens et gens de lettres de La France, ansi que des littérateurs étrangers qui ont écrit en Français, plus particulièrement pendant les \RXVIIIe\R et \RXIXe\R siècles... / (Record no. 162781)
[ view plain ]
| 000 -LEADER | |
|---|---|
| campo de control de longitud fija | 01143nam a2200205 i 4500 |
| 001 - NÚMERO DE CONTROL | |
| campo de control | 162781 |
| 003 - IDENTIFICADOR DE NÚMERO DE CONTROL | |
| campo de control | ES-MaACL |
| 005 - FECHA Y HORA DE LA ÚLTIMA TRANSACCIÓN | |
| campo de control | 20230906212613.0 |
| 008 - DATOS DE LONGITUD FIJA--INFORMACIÓN GENERAL | |
| campo de control de longitud fija | 011025m18271864fr |||| | fre d |
| 040 ## - FUENTE DE CATALOGACIÓN | |
| Centro catalogador/agencia de origen | CAM |
| Lengua de catalogación | spa |
| Centro/agencia transcriptor | CAM |
| 100 1# - ENTRADA PRINCIPAL--NOMBRE DE PERSONA | |
| Nombre de persona | Quérard, J.-M. |
| 9 (RLIN) | 131537 |
| 245 13 - MENCIÓN DEL TÍTULO | |
| Título | La France littéraire ou Dictionnaire bibliographique des savants, historiens et gens de lettres de La France, ansi que des littérateurs étrangers qui ont écrit en Français, plus particulièrement pendant les \RXVIIIe\R et \RXIXe\R siècles... / |
| Mención de responsabilidad, etc. | par J.-M. Quérard. |
| 260 ## - PUBLICACIÓN, DISTRIBUCIÓN, ETC. | |
| Lugar de publicación, distribución, etc. | Paris : |
| Nombre del editor, distribuidor, etc. | chez Firmin Didot, Père et Fils, libraires, |
| Fecha de publicación, distribución, etc. | 1827-1864 ( |
| Fabricante | Imprimerie Française et Espagnole de Dubuisson et C. : Typographie Maulde et Renou) |
| 300 ## - DESCRIPCIÓN FÍSICA | |
| Extensión | 12 v. ; |
| Dimensiones | 22 cm. |
| 510 4# - NOTA DE CITAS O REFERENCIAS BIBLIOGRÁFICAS | |
| Nombre de la fuente | Vicaire, Georges. Manuel de l'amateur de livres du XIXe siècle, 1801- 1893, |
| Localización dentro de la fuente | VI, col. 880-881 |
| 596 ## - NOTA AL PIE DE IMPRENTA | |
| NOTA AL PIE DE IMPRENTA | El T. XI impreso en 1854-1857 y el T. XII en 1859-1864. |
| 650 04 - PUNTO DE ACCESO ADICIONAL DE MATERIA--TÉRMINO DE MATERIA | |
| Término de materia o nombre geográfico como elemento de entrada | Bibliografías nacionales- |
| Subdivisión geográfica | Francia. |
| 9 (RLIN) | 135687 |
| 740 01 - ENTRADA AGREGADA--TÍTULO RELACIONADO/ANALÍTICO NO CONTROLADO | |
| Título relacionado o analítico no controlado | Dicctionnaire bibliographie des savants,, historiens et gens des lettres de La France. |
| 852 ## - LOCALIZACIÓN | |
| Ubicación | ES-MaACL |
| Número de control de estantería | B-2340-51 |
| Nota libre | -- Enc. pasta |
| Estatus retirado | Estado de pérdida | Fuente del sistema de clasificación o colocación | Estado de daño | No para préstamo | Colección | Biblioteca de origen | Biblioteca actual | Ubicación en estantería | Fecha de adquisición | Total de préstamos | Signatura topográfica completa | Código de barras | Visto por última vez | Precio de reemplazo | Tipo de ítem Koha |
|---|---|---|---|---|---|---|---|---|---|---|---|---|---|---|---|
| Clasificación decimal universal | Biblioteca profesional | Biblioteca del Ateneo de Madrid | Biblioteca del Ateneo de Madrid | Sala Pardo Bazán | 17/01/2008 | B-2340-51 | 1170551 | 23/02/2023 | 23/02/2023 | Libro impreso antiguo |
